| 000 | nam a22 a 4500 | ||
|---|---|---|---|
| 999 |
_c444312 _d444312 |
||
| 003 | BLK | ||
| 005 | 20220209133231.0 | ||
| 008 | 220209b bu |||||r|||| 00| | bu d | ||
| 040 | _aBLK | ||
| 041 |
_aBUL _cBUL |
||
| 080 |
_aСтроителство със стоманени и др. метални конструкции. Вж и 624.014; 69.057; 691.7 _b693.8 _z693.8 |
||
| 100 |
_91299 _aТенев, Стефан Митев _eпърви автор |
||
| 139 | _aТенев, Стефан Митев | ||
| 245 |
_aНаръчник по техниката по безопасността при монтаж на готови стоманобетонни елементи _cСтефан Митев Тенев |
||
| 260 |
_9210729 _aСофия _bПрофиздат _c1957 |
||
| 300 |
_a128 с. _bс ил. _c13 см |
||
| 380 | _a62 | ||
| 490 |
_9205342 _aБиблиотека Охрана на труда _v9 |
||
| 650 | 0 |
_9470552 _aСтроителство - техника на безопасност |
|
| 653 | 7 |
_9198275 _aтехника на безопасността |
|
| 653 | 7 |
_9197633 _aстроителство |
|
| 653 | 7 |
_9191782 _aнаръчници |
|
| 852 |
_aЦб I 1710 _bО |
||
| 942 |
_cKNG _n0 _s1 |
||
| 944 |
_aCR _c2022-02-09 _kХристина Везирева |
||